| 000 | 00568nab a2200145Ia 4500 | ||
|---|---|---|---|
| 003 | ES-SlBCS | ||
| 005 | 20210601142703.0 | ||
| 008 | 140529s1980 xxu||||| |||| 00| 0 spa d | ||
| 041 | _aspa | ||
| 100 | 1 |
_aBlackshear, Perry J. _9275654 |
|
| 245 | 0 | 0 |
_aSistemas de liberación de medicamentos por implantación. El medicamento encerrado dentro de bolsas se libera poco a poco _c Perry J. Blackshear |
| 650 | 0 | 4 |
_aMedicina-Farmacología _9269577 |
| 773 | 0 |
_tInvestigacion y Ciencia (Traducción de: Scientific American) _gnº. 41, 1980, págs. 20-28 _wRev1650 |
|
| 942 | _cAR | ||
| 999 |
_c680548 _d680548 |
||